02790cam a22003858i 4500999001700000001000900017003000900026005001700035008004100052020003800093040003300131043003000164082001900194100003600213245009100249264005300340264001000393300002800403336002600431337002800457338002700485504005100512520125000563650004301813650003601856650004301892651007301935651006602008651007302074653002502147655002402172906004502196942001202241952015102253 c28093d2806420803232EG-ScBUE20200215110014.0190108t2019 nyu f b 001 0 eng d a9780199938698 (pbk. : alk. paper) aDLCbengerdacDLCdEG-ScBUE ae-uk---ae-fr---an-us---04a325.1bSCH2221 aSchain, Martin,d1940-eauthor.14aThe border :bpolicy and politics in Europe and the United States /cMartin A. Schain. 1aNew York, NY :bOxford University Press,c[2019] 4cc2019 axii, 299 pages ;c24 cm atextbtxt2rdacontent aunmediatedbn2rdamedia avolumebnc2rdacarrier aIncludes bibliographical references and index. a"In our globalized world, borders are back with a vengeance. New data shows a massive increase of walls and barriers between countries after 2001. However, at the same time, the flow of people and the growth of trade have continued at impressive rates, and arguments for more open borders remain relevant. In The Border, Martin Schain compares how and why border policy has become increasingly important, politicized, and divisive in both Europe and the United States. Drawing from an intensive analysis of governmental policies interviews with stakeholders, he traces the explosive international growth of border control policies in recent years. In Europe, many countries have worked together under the aegis of the EU to block the entry of asylum-seekers from wars in the Middle East. In the US, Donald Trump pledged to build a wall along the Mexico border, restricted the entry of Syrian asylum-seekers, and tried to ban Muslim immigration. On both sides of the Atlantic, trade barriers have become prominent in the political agendas of major parties. Schain delves into these interlinked phenomena, showing that migration, identity, and trade have been packaged and transformed into hotly contested issues of border governance and control." 7aBorder securityzGreat Britain.2BUEsh 7aBorder securityzFrance.2BUEsh 7aBorder securityzUnited States.2BUEsh 7aGreat BritainxEmigration and immigrationxGovernment policy.2BUEsh 7aFrancexEmigration and immigrationxGovernment policy.2BUEsh 7aUnited StatesxEmigration and immigrationxGovernment policy.2BUEsh bBUSBOLcFebruary2020 vReading book934232 a7bcbccorignewd1eecipf20gy-gencatlg 2ddccBB 00102ddc40708AlahramaMAINbMAINc1STd2020-02-15ePurchaseg399.00h487l0o325.1 SCHp000048663r2025-07-15 00:00:00v498.75w2020-02-15yBB